000
00250nam a22001097a 4500
040
_c
SK
082
_a
581
100
_a
EMILE DUHOUX
245
_a
Biologie vegetale associations et interactions chez les plantes
260
_a
NA
_b
DUH
_c
NA
942
_c
EK
999
_c
10334
_d
10334